000
00300nam a2200133Ia 4500
008
230312s9999||||xx |||||||||||||| ||und||
082
_a
658
_b
IDR-N
100
_a
M Idrees
245
0
_a
NAT-IIM
300
_a
363
546
_a
Eng.
650
_a
Management
_v
Enhanced Analytical Reasoning
942
_c
BK
999
_c
7093
_d
7093